Central Library OPAC University of Rajshahi

Inscriptions of Bengal / (Record no. 80097)

MARC details
000 -LEADER
fixed length control field 00804nam a2200217 a 4500
001 - CONTROL NUMBER
control field 80097
003 - CONTROL NUMBER IDENTIFIER
rucl marc code BD-RjUL
005 - DATE AND TIME OF LATEST TRANSACTION
control field 20220706120554.0
008 - FIXED-LENGTH DATA ELEMENTS--GENERAL INFORMATION
fixed length control field 220709s1960 bg ab 001 0 eng
035 ## - SYSTEM CONTROL NUMBER
System control number (BD-RjUL)80097
040 ## - CATALOGING SOURCE
Original cataloging agency DLC
Transcribing agency CarP
Modifying agency BD-RjUL
Language of cataloging eng
041 ## - LANGUAGE CODE
Language code of text/sound track or separate title eng
082 ## - DEWEY DECIMAL CLASSIFICATION NUMBER
Edition number 23
Classification number 913.54
Author mark and year AHI 1960
245 10 - TITLE STATEMENT
Title Inscriptions of Bengal /
Statement of responsibility, etc. Shamsud-din ahmed
260 ## - PUBLICATION, DISTRIBUTION, ETC. (IMPRINT)
Place of publication, distribution, etc. Rajshahi :
Name of publisher, distributor, etc. Varendra Research Museum,
Date of publication, distribution, etc. 1960.
300 ## - PHYSICAL DESCRIPTION
Pagination v. :
Illustrations ill. ;
Size 25 cm.
505 ## - FORMATTED CONTENTS NOTE
Formatted contents note V. 3 : containing inscriptions of the Chandras, the Varmans and the Senas, and of Iśvaraghosha and Dāmodara -- v.4.[ being a corpus of Inscriptions of the muslim rulers of Bengal from 1233-1855 A.C.].--
651 #0 - SUBJECT ADDED ENTRY--GEOGRAPHIC NAME
Geographic name Bengal (India)
General subdivision History
Form subdivision Sources.
9 (RLIN) 211965
700 ## - ADDED ENTRY--PERSONAL NAME
Personal name Ahmed, Shamsu-din
942 ## - ADDED ENTRY ELEMENTS (KOHA)
Source of classification or shelving scheme Dewey Decimal Classification
Koha item type Books
Holdings
Lost status Source of classification or shelving scheme Damaged status Not for loan Collection code Permanent Location Current Location Shelving location Date acquired Cost, normal purchase price Total Checkouts Full call number Date last seen Copy number Koha item type
  Dewey Decimal Classification     Non-fiction Central Library, University of Rajshahi Central Library, University of Rajshahi General Stacks 06/07/2022 25.00   913.54 AHI 1960 06/07/2022 C-2 Books